000 01727nam a22002897a 4500
003 AR-RoUNCS
005 20260630160038.0
007 ta
008 260630s2013 ag a||||r|||| 00| 1 spa d
020 _a9789870605690
040 _aAR-RoUNCS
_bspa
_cAR-RoUNCS
041 1 _aspa
_heng
100 _aWeinbaum, Stanley G.
_eautor
245 1 0 _aOdiseas marcianas /
_cStanley Weinbaum ; ilustraciones Gonzalo Ruggieri.
250 _a1a ed.
260 _aCiudad de Buenos Aires :
_bAique,
_ci2013.
300 _a140 p. :
_bil. ;
_c21 cm.
490 0 _aLatramaquetrama
505 _tLas odiseas de Weinbaum, un viaje espacial a la ciencia ficción.
505 _tOdiseas marcianas: Una odisea marciana. El valle de los sueños.
505 _tLas actividades de Latramaquetrama.
520 _aLa acción transcurre en el planeta Marte, donde una expedición de astronautas humanos desarrolla una misión de exploración. Uno de los astronautas, Dick Jarvis, se encuentra con un marciano parecido a un avestruz, Tweel, a quien salva de un inminente peligro y con quien entabla una extraña pero profunda amistad, mientras van encontrándose con los diferentes seres vivos que pueblan las llanuras marcianas: los “pastos caminantes”, los “come-arena” constructores de pirámides, los peligrosos “barriles suicidas”, el “duendecillo lector” de los rascacielos de cristal, los engañosos habitantes del valle donde los sueños cobran realidad… Weinbaum fue el primero que creó extraterrestres que tenían sus propias razones para existir.
650 7 _2embne
_aLiteratura norteamericana
655 7 _2embne
_aCuentos de ciencia ficción
700 1 _aRuggieri, Gonzalo
_eilustrador
942 _2udc
_cOG
_n0
999 _c1069
_d1069